000 00515nam a2200193 a 4500
005 20260425172211.0
008 260416s2026##################000#0#eng##
020 _a9781841133874
_qhbk
041 _aeng
082 0 4 _a347.4203 DRE
100 _aDrewry,Gavin
245 1 0 _aThe Court of Appeal
_cGavin Drewry
260 _aNorth America
_bHart Publishing
_c2007
300 _a196p. :
_c22cm.
650 _aCivil procedure & courts
700 _aLouis Blom-Cooper
700 _aCharles Blake
942 _cENGLISH
999 _c619414
_d619414